Statistiques concernant Pokemon - Personnages de l'animé

Cliquez ici pour prendre le quiz!

Statistiques générales

  • Ce quiz a été pris 264 fois
  • Le résultat moyen est 27 sur 45

Statistiques - réponses

HintRéponse% Correct
Personnage PrincipalSacha
100%
Son pokémon fétichePikachu
99%
Professeur Pokémon de la région de KantoChen
97%
Membre de la Team Rocket avec les cheveux bleuesJames
97%
Membre de la Team Rocket avec les cheveux rosesJessie
97%
InfirmièreJoëlle
97%
Membre Pokémon de la Team RocketMiaouss
97%
Amie de Sacha durant son voyage à Kanto et JohtoOndine
94%
Ami de Sacha durant son voyage de Kanto à SinnohPierre
94%
Chef de la Team RocketGiovanni
90%
Agent de policeJenny
90%
Personnage Feminin accompagnant Sacha à HoennFlora
82%
Personnage Feminin accompagnant Sacha à SinnohAurore
80%
Petit fils du Professeur de Kanto et premier rival de SachaRegis
77%
Personnage Feminin accompagnant Sacha à KalosSerena
73%
Petit frère de celle-ciMax
72%
Personnage Feminin accompagnant Sacha à UnysIris
70%
Personnage Masculin accompagnant Sacha à KalosLem
70%
Pokemon qui fusionne avec le PokedexMotisma
69%
Petite soeur de ce dernierClem
68%
Professeur Pokémon de la région de JohtoOrme
66%
Personnage Masculin accompagnant Sacha à UnysRachid
66%
Rival de Sacha à SinnohPaul
62%
Professeur Pokémon de la région de KalosPlatane
60%
Professeur Pokémon de la région de SinnohSorbier
59%
Pokemon ayant une forme propre à SachaAmphinobi
58%
Professeur Pokémon de la région d'AlolaEuphorbe
57%
Personnage Feminin accompagnant Sacha à AlolaLilie
53%
Professeur Pokémon de la région de HoennSeko
52%
Camarade de classe de Sacha Alola fan du type PlanteBarbara
51%
Personnage masculin accompagnant Sacha au milieu des îles OrangesJacky
50%
Camarade de classe de Sacha Alola fan du type FeuKiawe
48%
Camarade de classe de Sacha Alola fan du type EauNephie
47%
Maman de SachaDelia
46%
Camarade de classe de Sacha Alola qui a peur du noirChrys
34%
Femme de ce dernierPimprenelle
31%
Autre rival de Sacha à SinnohRené
27%
Rival de Sacha à UnysNico
26%
Ami de Sacha qui le bat à la ligue IndigoRichie
25%
Rival de Sacha et de son amie à HoennDrew
24%
Rival de Aurore à SinnohZoé
23%
Ainée des soeurs sensationellesDaisy
22%
Troisième des soeurs sensationellesLily
16%
Deuxième des soeurs sensationellesViolette
16%
Professeur Pokémon de la région d'UnysKateleeria
8%

Distribution des résultats

Percentile par nombre de réponses

% des personnes avec chaque résultat

Votre développement - résultats

Vous n’avez pas pris ce quiz